Normal view
MARC view
- Khokar, M Zaman
Entry Personal Name
001 - CONTROL NUMBER
- control field: 15998
003 - CONTROL NUMBER IDENTIFIER
- control field: NUST
005 - DATE AND TIME OF LATEST TRANSACTION
- control field: 20190629045647.0
008 - FIXED-LENGTH DATA ELEMENTS
- fixed length control field: 190629|| aca||aabn | a|a d
040 ## - CATALOGING SOURCE
- Original cataloging agency: NUST
- Transcribing agency: NUST
100 ## - HEADING--PERSONAL NAME
- Personal name: Khokar, M Zaman
670 ## - SOURCE DATA FOUND
- Source citation: Work cat.: (NUST): Khokar, M Zaman, Hazrat Qanbeet Ellah-e-ul-Islam Almaroof Sacha Peer /, 2005.
